| 000 | 00350nam a2200133Ia 4500 | ||
|---|---|---|---|
| 008 | 240624s9999 xx 000 0 und d | ||
| 041 | _aeng | ||
| 082 | _a658.407124 FRI | ||
| 100 | _aFRISCH MICHAEL H | ||
| 245 | _aBECOMING AN EXCEPTIONAL EXECUTIVE COACH | ||
| 260 |
_c2012 _aNew York _bAMACOM |
||
| 300 | _avi, : 282 : p. : cm. ; 23 | ||
| 365 |
_c _b25 |
||
| 999 |
_c22339 _d22339 |
||